00489nam a2200181Ia 450000500170000000800410001702000100005804000190006804100120008708200170009910000240011624500630014026000380020330000110024165000190025270000260027185000100029720230321092524.0131103s9999 xx 000 0 und d cRs.12 aLoreto College aEnglish a891.441bGUP aGupta, Iswarchandra aKabi gibanicIswarchandra Gupta; edited by Bhabatosh Datta aKolkatabKolkata Book Housec1958 a489p.  aBengali poetry aDatta, Bhabatosh; ed. aLCLIB